Kamusi ya karne ya 21: (Record no. 11138)
[ view plain ]
| 000 -LEADER | |
|---|---|
| fixed length control field | 00508nam a22001577a 4500 |
| 008 - FIXED-LENGTH DATA ELEMENTS--GENERAL INFORMATION | |
| fixed length control field | 160510b xxu||||| |||| 00| 0 eng d |
| 020 ## - INTERNATIONAL STANDARD BOOK NUMBER | |
| International Standard Book Number | 9789987020976 |
| 050 ## - LIBRARY OF CONGRESS CALL NUMBER | |
| Classification number | PL 8703 .K3 2011 |
| 100 ## - MAIN ENTRY--PERSONAL NAME | |
| Personal name | Njogu, Mdee K. |
| Dates associated with a name | 2011 |
| 245 ## - TITLE STATEMENT | |
| Title | Kamusi ya karne ya 21: |
| Remainder of title | Kamusi ya Kiswahili yenye uketo zaidi katika karne hii |
| Statement of responsibility, etc. | Njogu, Mdee,K. |
| 260 ## - PUBLICATION, DISTRIBUTION, ETC. (IMPRINT) | |
| Place of publication, distribution, etc. | Kenya: |
| Name of publisher, distributor, etc. | Longhorn, |
| Date of publication, distribution, etc. | 2011. |
| 300 ## - PHYSICAL DESCRIPTION | |
| Extent | xviii,622p. ill. 20cm |
| 650 ## - SUBJECT ADDED ENTRY--TOPICAL TERM | |
| Topical term or geographic name as entry element | Kamusi |
| 700 ## - ADDED ENTRY--PERSONAL NAME | |
| Personal name | Shafi |
| 942 ## - ADDED ENTRY ELEMENTS (KOHA) | |
| Source of classification or shelving scheme | |
| Koha item type | Africana (Books) |
| Classification part | PL 8703.K3 2011 |
| Withdrawn status | Lost status | Source of classification or shelving scheme | Damaged status | Not for loan | Home library | Current library | Shelving location | Date acquired | Source of acquisition | Total Checkouts | Full call number | Barcode | Date last seen | Price effective from | Koha item type |
|---|---|---|---|---|---|---|---|---|---|---|---|---|---|---|---|
| MACHAKOS UNIVERSITY LIBRARY | MACHAKOS UNIVERSITY LIBRARY | Reference | 10/05/2016 | Purchase | REF PL 8703 .K3 2011 | 20705 | 16/12/2017 | 10/05/2016 | Reference Material |